| 000 | 00856nam a22002537a 4500 | ||
|---|---|---|---|
| 005 | 20250425111708.0 | ||
| 008 | 250425b |||||||| |||| 00| 0 eng d | ||
| 020 | _a978-81-968274-7-2 (hbk) | ||
| 037 | _cTB | ||
| 040 |
_aCRL _cCRL |
||
| 041 |
_2eng _aeng |
||
| 084 |
_aV277:71 R4 _qCRL |
||
| 245 |
_aPragjyotisha- kamarupa: _b An archaeological history |
||
| 260 |
_aNew Delhi, India: _bResearch India Press, _c2024. |
||
| 300 | _axxix, 356p. | ||
| 365 |
_b 1999.00 _cINR |
||
| 650 | _2Assam History | ||
| 650 | _2History | ||
| 650 | _2Archeology | ||
| 700 |
_aHazarika, Manjil _eEditor _9752971 |
||
| 700 |
_aSanathana, Y. S. _eEditor _9752972 |
||
| 942 |
_2CC _cTB _hV277:71 R4 _n0 |
||
| 999 |
_c1309374 _d1309374 |
||